Представление документа в формате MARC21

Поле Инд. ПП Название Значение
Тип записи a
Библиографический уровень m
001 Контрольный номер 5ef9176d276749caa046c544a4331d0d
005 Дата корректировки 20260217143524.9
020 a ISBN 978-5-7609-2062-1
040 a Служба первич. каталог. НБ ТвГУ
b Код языка каталог. rus
e Правила каталог. PSBO
041 0_ a Код языка текста rus
080 a Индекс УДК 338.2
084 a Индекс другой классификации/Индекс ББК У050.11
090 x Авторский знак К 65
097 b Оператор Alekseeva.EV
245 10 a Заглавие Контуры «новой реальности» и проблемы возрождения смыслов современной экономической науки
h Физич. носитель Электронный ресурс
b Продолж. заглавия монография
c Ответственность Тверской государственный университет ; под редакцией Л. А. Карасевой, Д. И. Мамагулашвили ; рецензенты: В. А. Цветков, М. А. Екатериновская, А. В. Харламов
260 a Место издания Тверь
c Дата издания 2025
b Издательство Тверской государственный университет
504 a Библиография Библиогр.: с. 331-353 и в подстроч. примеч.
520 0_ a Аннотация Монография посвящена исследованию проблем современной экономической науки с позиции е? смыслов – конечной цели, ценности, характеристики ее полезности для практики. Успешность любых дискуссий зависит от понимания и признания узких мест в нашей экономической науке, преподавании, проблем в теоретических обоснованиях проводимой социально-экономической политики государства, а следовательно, и реформировании общественных систем. Поэтому в тексте сохранены позиции авторов материалов по обсуждаемым вопросам. В монографии обсуждаются возможности применения интеграционного подхода на базе современной политической экономии, закладывающей важные принципы анализа: уч?т специфики экономических систем, находящихся в масштабных и глубоких трансформациях; понимание и уч?т социально-классовой природы любой власти, а следовательно, уч?т структуры экономических интересов и е? системообразующего интереса; важность использования субъектного подхода к анализу механизма реализации экономических отношений. Предназначена для широкого круга читателей, для тех, кому небезразлична судьба страны, качество и роль экономической науки в решении системных проблем современной российской экономики.
653 0_ a Ключевые слова Экономические науки
a Ключевые слова Экономика России
a Ключевые слова Экономическая политика
a Ключевые слова Политическая экономия
a Ключевые слова Электронные документы
a Ключевые слова Электронные ресурсы
700 12 a Другие авторы Абдипатта уулу Ж.
q Полное имя Абдипатта уулу Жумабек
700 12 a Другие авторы Александрова Ольга Аркадьевна
700 12 a Другие авторы Альпидовская Марина Леонидовна
700 12 a Другие авторы Гыязов Айдарбек Токторович
700 12 a Другие авторы Карасева Л. А.
e Роль лиц Редактор
700 12 a Другие авторы Мамагулашвили Давид Ильич
e Роль лиц Редактор
700 12 a Другие авторы Цветкова В. А.
e Роль лиц Рецензент
700 12 a Другие авторы Екатериновская Мария Алексеевна
e Роль лиц Рецензент
700 12 a Другие авторы Харламов А. В.
e Роль лиц Рецензент
856 40 u URL http://megapro.tversu.ru/megaPro/UserEntry?Action=FindDocs&ids=5689117
x Примечание для ЭОР Справка РИУ 2025
x Примечание для ЭОР Реестр суммарного учета сетевых локальных документов
i Дата подключения ЭОР 20260217
900 a Имя макрообъекта 154614nauch
901 t Тип документа m
920 a Оператор Алекс
a Оператор Петр
952 c Вид литературы Т рн